Statistics for Rangers Trivia

Click here to take the quiz!

General Stats

  • This quiz has been taken 274 times
    (67 since last reset)
  • The average score is 8 of 15

Answer Stats

QuestionAnswer% Correct
What is the name of the Rangers stadium?Ibrox Stadium
97%
What is Rangers’s nickname?The {Gers}
80%
With which club does Rangers contest the Old Firm Derby?Celtic
75%
In 2021, who managed Rangers to their first Scottish Premiership title since their relegation to the fourth tier 9 years earlier?Steven Gerrard
68%
Which Rangers legend scored 251 goals in 418 games for the club as a player, before returning to the club as assistant manager in 2007, and ultimately becoming manager in 2011?Ally McCoist
64%
Who is the current manager of Rangers?Michael Beale
61%
Who is Rangers’s record sale, joining Ajax for £19.6m in 2023?Calvin Bassey
58%
Which Rangers player was booked by referee Dougie Smith after picking Smith's yellow card up from the ground and jokingly 'booking' him during a match against Hibernian in 1995?Paul Gascoigne
56%
Which Rangers manager, during his two spells in charge, from 1991 until 1998 and from 2007 until 2011, led the club to 10 league titles and 11 domestic cups?Walter Smith
53%
In 1999, who was voted as the greatest ever Rangers player?John Greig
46%
Who is Rangers’s record signing, arriving from Chelsea for £12m in 2000?Tore André Flo
42%
Which club did Rangers defeat 3-2 in the 1972 European Cup Winners’ Cup Final?Dynamo Moscow
39%
Which Scotsman is the Rangers all-time record goalscorer with 381?Jimmy Smith
34%
And who scored a brace for Rangers in that match?Willie Johnston
31%
Which Scotsman holds the record for most Rangers appearances with 940?Dougie Gray
2%

Score Distribution

Percentile by Number Answered

Percent of People with Each Score

Your Score History

You have not taken this quiz since the last reset